Europa world of learning 2009 (Record no. 6384)
[ view plain ]
| 000 -LEADER | |
|---|---|
| fixed length control field | 00271nam a2200121Ia 4500 |
| 020 ## - INTERNATIONAL STANDARD BOOK NUMBER | |
| ISBN | 9781857434712 |
| 082 ## - DEWEY DECIMAL CLASSIFICATION NUMBER | |
| Classification number | RR 060 EUR |
| 100 ## - MAIN ENTRY--AUTHOR NAME | |
| Personal name | Gladman, Anthony/s |
| 245 #0 - TITLE STATEMENT | |
| Title | Europa world of learning 2009 |
| 250 ## - EDITION STATEMENT | |
| Edition statement | 59th |
| 260 ## - PUBLICATION, DISTRIBUTION, ETC. (IMPRINT) | |
| Place of publication | London |
| Name of publisher | Routledge |
| Year of publication | 2008 |
| 942 ## - ADDED ENTRY ELEMENTS (KOHA) | |
| Koha item type | Books |
| Withdrawn status | Lost status | Damaged status | Not for loan | Home library | Current library | Date acquired | Source of acquisition | Bill Date | Full call number | Accession Number | Price effective from | Koha item type |
|---|---|---|---|---|---|---|---|---|---|---|---|---|
| NASSDOC Library | NASSDOC Library | 03/02/2009 | AAKAR | 2008-12-30 | RR 060 EUR | 44985 | 18/04/2019 | Books | ||||
| NASSDOC Library | NASSDOC Library | 03/02/2009 | AAKAR | 2008-12-30 | RR 060 EUR | 44986 | 18/04/2019 | Books |
